Rainbow six siege agent Assaillant - Statistiques

Statistiques générales
  • Ce quiz a été pris 155 fois
  • Le résultat moyen est 26 sur 37
Statistiques - réponses
Réponse % Correct
Ash
97%
Montagne
95%
Blitz
94%
Thermite
92%
Fuze
88%
Sledge
86%
Buck
81%
Iq
81%
Twitch
81%
Glaz
76%
Hibana
76%
Blackbeard
75%
Lion
75%
Ace
74%
Jackal
71%
Thatcher
71%
Finka
70%
Capitao
69%
Nomad
69%
Kali
68%
Dokkaebi
65%
Iana
65%
Maverick
64%
Amaru
62%
Gridlock
61%
Osa
58%
Ying
58%
Zofia
58%
Brava
57%
Ram
56%
Zero
56%
Nokk
55%
Flores
54%
Deimos
53%
Sens
53%
Grim
52%
Striker
45%
Aucun quiz correspondant
Distribution des résultats
% des personnes avec chaque résultat
Percentile par nombre de réponses
Votre historique - résultats
Vous n’avez pas pris ce quiz